20: Multiplikation und Division mit ganzen Zahlen - Statistiken

Allgemein
  • Dieses Quiz wurde 769 mal gespielt
  • Das Durchschnittsergebnis liegt bei 19 aus 20
Antwortstatistiken
Problem Solution % Korrekt
-5*0 0
100%
-1*0 0
100%
0*(-4) 0
100%
0*(-2) 0
100%
0*(-1) 0
100%
0*0 0
100%
0*1 0
100%
0*3 0
100%
0*4 0
100%
0*5 0
100%
1*0 0
100%
2*0 0
100%
3*0 0
100%
4*0 0
100%
5*0 0
100%
0:1 0
100%
0:(-5) 0
100%
0:(-4) 0
100%
0:(-3) 0
100%
0:(-1) 0
100%
-1*(-1) 1
100%
-1*1 -1
100%
1*1 1
100%
-1:1 -1
100%
-2:2 -1
100%
2:2 1
100%
-3:3 -1
100%
3:3 1
100%
-4:4 -1
100%
-5:5 -1
100%
5:5 1
100%
5:(-5) -1
100%
3:(-3) -1
100%
-3:(-3) 1
100%
-2:(-2) 1
100%
1:(-1) -1
100%
-5*2 -10
100%
-2*(-5) 10
100%
-2*5 -10
100%
2*(-5) -10
100%
2*5 10
100%
-3*4 -12
100%
3*4 12
100%
4*3 12
100%
5*(-3) -15
100%
5*3 15
100%
-4*4 -16
100%
4*4 16
100%
-2*(-1) 2
100%
-2*1 -2
100%
-1*(-2) 2
100%
1*(-2) -2
100%
2*(-1) -2
100%
-2:1 -2
100%
2:1 2
100%
-4:2 -2
100%
8:4 2
100%
10:(-5) -2
100%
-8:(-4) 2
100%
6:(-3) -2
100%
-6:(-3) 2
100%
4:(-2) -2
100%
2:(-1) -2
100%
-5*4 -20
100%
-4*5 -20
100%
4*5 20
100%
5*(-4) -20
100%
5*4 20
100%
-5*5 -25
100%
-1*3 -3
100%
1*(-3) -3
100%
3:1 3
100%
-6:2 -3
100%
6:2 3
100%
-9:3 -3
100%
-12:4 -3
100%
-15:5 -3
100%
15:5 3
100%
-15:(-5) 3
100%
-12:(-4) 3
100%
9:(-3) -3
100%
-9:(-3) 3
100%
-6:(-2) 3
100%
-4*1 -4
100%
-2*(-2) 4
100%
-2*2 -4
100%
-1*4 -4
100%
2*2 4
100%
4*(-1) -4
100%
-4:1 -4
100%
-8:2 -4
100%
8:2 4
100%
-12:3 -4
100%
12:3 4
100%
16:4 4
100%
-20:5 -4
100%
20:5 4
100%
16:(-4) -4
100%
-16:(-4) 4
100%
12:(-3) -4
100%
-12:(-3) 4
100%
8:(-2) -4
100%
-8:(-2) 4
100%
-4:(-1) 4
100%
-5*(-1) 5
100%
-5*1 -5
100%
1*5 5
100%
5*1 5
100%
-5:1 -5
100%
-10:2 -5
100%
10:2 5
100%
-20:4 -5
100%
20:4 5
100%
-25:5 -5
100%
25:5 5
100%
-20:(-4) 5
100%
-15:(-3) 5
100%
10:(-2) -5
100%
-10:(-2) 5
100%
5:(-1) -5
100%
-3*2 -6
100%
2*3 6
100%
3*2 6
100%
-2*(-4) 8
100%
4*2 8
100%
-3*3 -9
100%
3*3 9
100%
-5:(-5) 1
97%
5*2 10
97%
-4*3 -12
97%
-10:(-5) 2
97%
-4*(-5) 20
97%
3*(-1) -3
97%
6:(-2) -3
97%
25:(-5) -5
97%
-2*4 -8
97%
-4*0 0
96%
-3*0 0
96%
-2*0 0
96%
0*(-5) 0
96%
0:3 0
96%
1*(-1) -1
96%
4:4 1
96%
3*(-5) -15
96%
3*5 15
96%
1*2 2
96%
2*1 2
96%
-6:3 -2
96%
10:5 2
96%
-2:(-1) 2
96%
1*3 3
96%
-3:1 -3
96%
9:3 3
96%
12:4 3
96%
15:(-5) -3
96%
3:(-1) -3
96%
-4*(-1) 4
96%
1*4 4
96%
-16:4 -4
96%
5:1 5
96%
15:3 5
96%
-25:(-5) 5
96%
2*(-3) -6
96%
-4*(-2) 8
96%
2*4 8
96%
4*(-2) -8
96%
-3*(-3) 9
96%
3*(-3) -9
96%
0*(-3) 0
95%
0*2 0
95%
0:2 0
95%
0:5 0
95%
0:(-2) 0
95%
1:1 1
95%
-1:(-1) 1
95%
5*(-2) -10
95%
-3*(-5) 15
95%
-4*(-4) 16
95%
-8:4 -2
95%
5*5 25
95%
-3*(-1) 3
95%
-1*(-3) 3
95%
3*1 3
95%
-3:(-1) 3
95%
20:(-5) -4
95%
-20:(-5) 4
95%
5*(-1) -5
95%
-15:3 -5
95%
-4*2 -8
95%
0:4 0
94%
4:(-4) -1
94%
2:(-2) -1
94%
-10:5 -2
94%
-3*1 -3
94%
4:1 4
94%
-1*(-5) 5
94%
-1*5 -5
94%
-4:(-4) 1
93%
-5*(-2) 10
93%
-3*(-4) 12
93%
8:(-4) -2
93%
2*(-2) -4
93%
1*(-5) -5
93%
-4*(-3) 12
92%
-5:(-1) 5
92%
-3*(-2) 6
92%
-2*(-3) 6
92%
-2*3 -6
92%
2*(-4) -8
92%
-5*(-5) 25
91%
1*(-4) -4
91%
4*1 4
91%
4:(-1) -4
91%
15:(-3) -5
91%
4*(-3) -12
90%
4:2 2
90%
6:3 2
90%
3*(-2) -6
90%
-5*3 -15
89%
4*(-4) -16
89%
-5*(-3) 15
88%
4*(-5) -20
88%
-1*(-4) 4
88%
-3*5 -15
87%
-5*(-4) 20
87%
20:(-4) -5
86%
-4:(-2) 2
85%
5*(-5) -25
85%
12:(-4) -3
85%
3*(-4) -12
84%
-1*2 -2
84%
Keine übereinstimmenden Quizze gefunden
Verteilung der Resultate
Anzahl Personen mit jedem Resultat
Perzentil nach korrekt beantworteten Fragen
Ihre Resultats-Entwicklung
Sie haben dieses Quiz noch nicht gespielt